[Event "Tch-CRO 1stB Liga 2017"]
[Site "Mali Losinj"]
[Date "2017.10.06"]
[Round "9.32"]
[White "Tratar, Marko"]
[Black "Plat, Vojtech"]
[Result "0-1"]
[WhiteElo "2465"]
[BlackElo "2539"]
[PlyCount "58"]
[EventDate "2017.09.28"]
[EventType "team"]
[EventRounds "9"]
[EventCountry "CRO"]

1. Nf3 c5 2. c4 Nc6 3. Nc3 g6 4. d4 cxd4 5. Nxd4 Bg7 6. e3 Nf6 7. Be2 O-O 8.
O-O d5 9. cxd5 Nxd5 10. Nxd5 Qxd5 11. Bf3 Qc5 12. Nxc6 bxc6 13. Qa4 Be6 14. Bd2
Bxb2 15. Bb4 Qc4 16. Rab1 Bf6 17. a3 a5 18. Bxc6 axb4 19. Bxa8 b3 20. Qxc4 Bxc4
21. Rfc1 Be6 22. Be4 b2 23. Rd1 Ba2 24. a4 Rc8 25. a5 Bxb1 26. Bxb1 Ra8 27. f4
Rxa5 28. e4 Bc3 29. e5 g5 0-1

[Event "Tch-CRO 1stB Liga 2017"]
[Site "Mali Losinj"]
[Date "2017.10.06"]
[Round "9.33"]
[White "Repka, Christopher"]
[Black "Zufic, Miroslav"]
[Result "1-0"]
[WhiteElo "2475"]
[BlackElo "2395"]
[PlyCount "94"]
[EventDate "2017.09.28"]
[EventType "team"]
[EventRounds "9"]
[EventCountry "CRO"]

1. d4 d5 2. c4 e6 3. Nc3 Nf6 4. Bf4 Nbd7 5. e3 dxc4 6. Bxc4 a6 7. Qf3 Bd6 8.
Bxd6 cxd6 9. Qg3 Qc7 10. Bb3 O-O 11. Nf3 b5 12. Ng5 Nb6 13. Nge4 Nxe4 14. Nxe4
Rd8 15. Nf6+ Kh8 16. Nh5 f6 17. Nf4 Nc4 18. O-O e5 19. Nd5 Qf7 20. Nc3 Be6 21.
Bxc4 Bxc4 22. Rfc1 b4 23. Ne4 Bxa2 24. Qh4 Bd5 25. Nd2 a5 26. e4 Ba2 27. d5 b3
28. Rc6 a4 29. Nc4 a3 30. bxa3 Qb7 31. Nb2 Qa7 32. Qg4 Qxa3 33. Qe2 Qb4 34.
Rac1 h6 35. Rc7 Rg8 36. h4 f5 37. R1c4 Qb5 38. exf5 Qxd5 39. Rg4 Bb1 40. Rg5
Raf8 41. Qh5 Rf6 42. Nc4 Be4 43. Kh2 Qd4 44. Ne3 b2 45. Ng4 Bf3 46. Rcxg7 Qf4+
47. g3 Rgf8 1-0

[Event "Tch-CRO 1stB Liga 2017"]
[Site "Mali Losinj"]
[Date "2017.10.06"]
[Round "9.34"]
[White "Glavas, Dragan"]
[Black "Vujakovic, Branko"]
[Result "1-0"]
[WhiteElo "2285"]
[BlackElo "2355"]
[PlyCount "61"]
[EventDate "2017.09.28"]
[EventType "team"]
[EventRounds "9"]
[EventCountry "CRO"]

1. d4 Nf6 2. c4 g6 3. Nc3 d5 4. Bg5 Bg7 5. Bxf6 Bxf6 6. cxd5 c6 7. e4 Qb6 8. e5
Qxb2 9. Qc1 Qxc1+ 10. Rxc1 Bg5 11. Rd1 O-O 12. h4 Bh6 13. h5 g5 14. Bc4 Rd8 15.
Nge2 cxd5 16. Bxd5 Nc6 17. f3 Nb4 18. Bb3 b6 19. g4 Bb7 20. Kf2 Rac8 21. a3 Nc6
22. e6 f5 23. gxf5 Bg7 24. Nd5 Kf8 25. h6 Bh8 26. f6 exf6 27. Ng3 Re8 28. Nf5
Na5 29. e7+ Kf7 30. Nd6+ Ke6 31. Nxc8 1-0

[Event "Tch-CRO 1stB Liga 2017"]
[Site "Mali Losinj"]
[Date "2017.10.06"]
[Round "9.35"]
[White "Blazeka, Matej"]
[Black "Franic, Milan"]
[Result "0-1"]
[WhiteElo "2325"]
[BlackElo "2356"]
[PlyCount "136"]
[EventDate "2017.09.28"]
[EventType "team"]
[EventRounds "9"]
[EventCountry "CRO"]

1. e4 e6 2. d4 d5 3. Nd2 Nf6 4. Bd3 c5 5. e5 Nfd7 6. c3 b6 7. Ne2 Ba6 8. Bxa6
Nxa6 9. a3 b5 10. h4 Nab8 11. h5 Nc6 12. h6 g6 13. Nf3 Be7 14. Rh3 a5 15. Rg3
b4 16. Qa4 Rc8 17. axb4 cxb4 18. Bg5 O-O 19. Bxe7 Qxe7 20. Kf1 f6 21. exf6 Nxf6
22. Qc2 bxc3 23. Nxc3 Nh5 24. Rg4 Nf4 25. Re1 Qf6 26. Qd2 Nxg2 27. Rxg2 Qxf3
28. Rxe6 Rf4 29. Re3 Qh5 30. Ne2 Rh4 31. Ng3 Qxh6 32. Qe2 Rf8 33. Rc3 Nxd4 34.
Qe5 Rd8 35. Rg1 Qf4 36. Qxf4 Rxf4 37. Ne2 Nxe2 38. Kxe2 Re8+ 39. Kf1 Rb8 40.
Rc2 Rc4 41. Rxc4 dxc4 42. Rg5 Rxb2 43. Rxa5 c3 44. Rc5 c2 45. Kg2 Kf7 46. Kf3
Ke6 47. Ke3 Kd6 48. Rc8 h5 49. f3 Kd5 50. Kd2 Ke5 51. Rf8 Rb6 52. f4+ Ke4 53.
Kxc2 Rd6 54. f5 gxf5 55. Rh8 f4 56. Rxh5 f3 57. Rh8 f2 58. Rf8 Ke3 59. Re8+ Kf3
60. Rf8+ Ke2 61. Re8+ Kf1 62. Rg8 Rd4 63. Kc3 Rd5 64. Rg7 Ke2 65. Re7+ Kf3 66.
Rf7+ Ke3 67. Re7+ Kf4 68. Kc4 Re5 0-1

[Event "Tch-CRO 1stB Liga 2017"]
[Site "Mali Losinj"]
[Date "2017.10.06"]
[Round "9.36"]
[White "Ciganovic, Nikola"]
[Black "Brumen, Dinko"]
[Result "1-0"]
[WhiteElo "2238"]
[BlackElo "2338"]
[PlyCount "119"]
[EventDate "2017.09.28"]
[EventType "team"]
[EventRounds "9"]
[EventCountry "CRO"]

1. e4 e6 2. d4 d5 3. Nd2 dxe4 4. Nxe4 Bd7 5. Nf3 Bc6 6. Bd3 Nd7 7. Bd2 Ngf6 8.
Qe2 Be7 9. O-O-O Bxe4 10. Bxe4 Nxe4 11. Qxe4 c6 12. Qg4 Nf6 13. Qxg7 Rg8 14.
Qh6 Qd5 15. Kb1 Rxg2 16. Ne5 O-O-O 17. Be3 Qe4 18. h3 Nd5 19. Nxf7 Rdg8 20. Ne5
Qf5 21. Ng4 Nb4 22. Rc1 Qd5 23. b3 Qf5 24. Rhe1 Bf8 25. Qf6 Nd5 26. Qxf5 exf5
27. Nh6 f4 28. Nxg8 fxe3 29. Rg1 Rxg1 30. Rxg1 e2 31. c3 Kd7 32. Kc2 Ke6 33.
Kd2 Kf7 34. a3 Nf4 35. Rg4 Ne6 36. Kxe2 h5 37. Re4 Ng5 38. Re5 Nh7 39. Rxh5
Kxg8 40. a4 Nf6 41. Ra5 a6 42. Rg5+ Kf7 43. c4 Bh6 44. Re5 Nd7 45. Rf5+ Nf6 46.
b4 Ke6 47. Re5+ Kd6 48. b5 axb5 49. axb5 Bg7 50. Rg5 Bh8 51. Kd3 Nd7 52. c5+
Ke6 53. b6 Kf7 54. Rg1 Bf6 55. Kc4 Nf8 56. Ra1 Ne6 57. Ra7 Nd8 58. d5 cxd5+ 59.
Kxd5 Be7 60. Rxb7 1-0

[Event "Tch-CRO 1stB Liga 2017"]
[Site "Mali Losinj"]
[Date "2017.10.06"]
[Round "9.41"]
[White "Brkic, Ante"]
[Black "Pijpers, Arthur"]
[Result "1-0"]
[WhiteElo "2563"]
[BlackElo "2462"]
[PlyCount "67"]
[EventDate "2017.09.28"]
[EventType "team"]
[EventRounds "9"]
[EventCountry "CRO"]

1. e4 e6 2. d4 d5 3. Nc3 Nf6 4. e5 Nfd7 5. f4 c5 6. Nf3 Nc6 7. Be3 Be7 8. Qd2
O-O 9. dxc5 Nxc5 10. O-O-O a6 11. h4 b5 12. Nd4 Nxd4 13. Bxd4 Qc7 14. f5 exf5
15. Nxd5 Qb7 16. Bxc5 Bxc5 17. g4 Qa7 18. b4 Bf2 19. gxf5 Bxf5 20. Rh2 Bg3 21.
Rg2 Bxe5 22. Qg5 Be4 23. Qxe5 Bxg2 24. Bxg2 Rad8 25. Be4 Qf2 26. Kb2 Kh8 27. h5
Rde8 28. Ne7 f6 29. Qe6 f5 30. Bc6 Rd8 31. Rh1 Rd4 32. Ng6+ hxg6 33. hxg6+ Rh4
34. Qe7 1-0

[Event "Tch-CRO 1stB Liga 2017"]
[Site "Mali Losinj"]
[Date "2017.10.06"]
[Round "9.42"]
[White "Sprenger, Jan Michael"]
[Black "Petkov, Vladimir"]
[Result "1/2-1/2"]
[WhiteElo "2514"]
[BlackElo "2495"]
[PlyCount "53"]
[EventDate "2017.09.28"]
[EventType "team"]
[EventRounds "9"]
[EventCountry "CRO"]

1. e4 e5 2. Nf3 Nc6 3. Bb5 Nf6 4. O-O Nxe4 5. Re1 Nd6 6. Nxe5 Be7 7. Bf1 Nf5 8.
Nf3 O-O 9. d4 d5 10. c3 Bd6 11. Bd3 g6 12. Na3 a6 13. Bg5 f6 14. Bd2 Nce7 15.
c4 c6 16. Nc2 Ng7 17. Ne3 Be6 18. Qb3 Qd7 19. cxd5 Nxd5 20. Bc4 Qf7 21. Rac1
Rfe8 22. Nxd5 Bxd5 23. Bxd5 cxd5 24. Bb4 Bf4 25. Bd2 Bd6 26. Bb4 Bf4 27. Bd2
1/2-1/2

[Event "Tch-CRO 1stB Liga 2017"]
[Site "Mali Losinj"]
[Date "2017.10.06"]
[Round "9.43"]
[White "Stocko, Josip"]
[Black "Doric, Darko"]
[Result "1/2-1/2"]
[WhiteElo "2362"]
[BlackElo "2467"]
[PlyCount "31"]
[EventDate "2017.09.28"]
[EventType "team"]
[EventRounds "9"]
[EventCountry "CRO"]

1. e4 c5 2. Nf3 Nc6 3. Bb5 g6 4. Bxc6 dxc6 5. d3 Bg7 6. h3 e5 7. Be3 b6 8. a4
a5 9. Nbd2 Ne7 10. Nc4 Qc7 11. Qd2 Be6 12. Bh6 Bf6 13. Bg5 Bg7 14. Bh6 Bf6 15.
Bg5 Bg7 16. Bh6 1/2-1/2

[Event "Tch-CRO 1stB Liga 2017"]
[Site "Mali Losinj"]
[Date "2017.10.06"]
[Round "9.44"]
[White "Rade, Miroslav"]
[Black "Goric, Esad"]
[Result "1-0"]
[WhiteElo "2432"]
[BlackElo "2285"]
[PlyCount "57"]
[EventDate "2017.09.28"]
[EventType "team"]
[EventRounds "9"]
[EventCountry "CRO"]

1. e4 e6 2. d4 d5 3. Nd2 Nf6 4. e5 Nfd7 5. c3 c5 6. Bd3 Nc6 7. Ne2 a5 8. Nf3 a4
9. a3 cxd4 10. cxd4 Nb6 11. Nc3 Bd7 12. Bc2 Be7 13. O-O Qb8 14. Re1 Nd8 15. Bg5
Bxg5 16. Nxg5 h6 17. Qh5 Bc6 18. f4 Rf8 19. Nh7 Rh8 20. f5 Nd7 21. Ng5 exf5 22.
Bxf5 Ke7 23. Nxf7 Nxf7 24. Bxd7 Qa7 25. Rad1 Rhf8 26. Bg4 Qb6 27. Qg6 Qxb2 28.
Qe6+ Kd8 29. Nxd5 1-0

[Event "Tch-CRO 1stB Liga 2017"]
[Site "Mali Losinj"]
[Date "2017.10.06"]
[Round "9.45"]
[White "Pucovski, Miroslav"]
[Black "Susak, Zeljko"]
[Result "1/2-1/2"]
[WhiteElo "2291"]
[BlackElo "2215"]
[PlyCount "45"]
[EventDate "2017.09.28"]
[EventType "team"]
[EventRounds "9"]
[EventCountry "CRO"]

1. e4 c5 2. c3 Nf6 3. e5 Nd5 4. Bc4 e6 5. d4 cxd4 6. Bxd5 exd5 7. Qxd4 Nc6 8.
Qxd5 d6 9. exd6 Bxd6 10. Nf3 O-O 11. Be3 Ne7 12. Qd2 Nf5 13. O-O Nxe3 14. Qxe3
Re8 15. Qd4 Qc7 16. Nbd2 Bc5 17. Qh4 Bf5 18. Rfe1 h6 19. Nb3 Be7 20. Qg3 Bd6
21. Qh4 Be7 22. Qg3 Bd6 23. Qh4 1/2-1/2

[Event "Tch-CRO 1stB Liga 2017"]
[Site "Mali Losinj"]
[Date "2017.10.06"]
[Round "9.46"]
[White "Curic, Drazen"]
[Black "Bubalovic, Davorin"]
[Result "1-0"]
[WhiteElo "2223"]
[BlackElo "2241"]
[PlyCount "125"]
[EventDate "2017.09.28"]
[EventType "team"]
[EventRounds "9"]
[EventCountry "CRO"]

1. Nf3 Nf6 2. e3 g6 3. b4 Bg7 4. Bb2 d5 5. Be2 Nbd7 6. O-O c5 7. bxc5 Nxc5 8.
d3 O-O 9. Nbd2 Bd7 10. c4 Ba4 11. Qb1 dxc4 12. Nxc4 Rc8 13. Rc1 Qd5 14. Nfe5
Qe6 15. Bd4 Nfd7 16. Qb2 Rfd8 17. Nf3 f6 18. Bxc5 Rxc5 19. Qxb7 Bc6 20. Nd4 Qd5
21. Nxc6 Qxc6 22. Qxc6 Rxc6 23. Na5 Ra6 24. Nc6 Re8 25. a4 Nb8 26. Nb4 Rb6 27.
Nd5 Rb2 28. Kf1 f5 29. d4 e5 30. Nc7 Rc8 31. Bc4+ Kh8 32. Be6 Rd8 33. d5 e4 34.
Rab1 Nd7 35. Rxb2 Bxb2 36. Rb1 Be5 37. Rb7 a5 38. Nb5 Nc5 39. Ra7 Nxa4 40. Rxa5
Nc5 41. f4 exf3 42. gxf3 Nxe6 43. dxe6 Kg7 44. f4 Bb8 45. Nd4 Kf6 46. Ra6 Rc8
47. Ke2 Rc1 48. Kd3 Bc7 49. h4 Ke7 50. h5 Bd6 51. Ra7+ Rc7 52. Rxc7+ Bxc7 53.
Kc4 Bb6 54. hxg6 hxg6 55. Kd5 Bc7 56. Nc6+ Kf6 57. Nd4 Ke7 58. Nf3 Bb6 59. Nh4
Bxe3 60. Nxg6+ Kf6 61. Kd6 Bd2 62. e7 Bb4+ 63. Kd7 1-0

[Event "Tch-CRO 1stB Liga 2017"]
[Site "Mali Losinj"]
[Date "2017.10.06"]
[Round "9.53"]
[White "Krstic, Uros"]
[Black "Galic, Ivan"]
[Result "0-1"]
[WhiteElo "2395"]
[BlackElo "2395"]
[PlyCount "94"]
[EventDate "2017.09.28"]
[EventType "team"]
[EventRounds "9"]
[EventCountry "CRO"]

1. e4 c5 2. Nf3 e6 3. d4 cxd4 4. Nxd4 a6 5. Bd3 d6 6. O-O Nf6 7. Qe2 Nbd7 8. c3
Qc7 9. Nd2 g6 10. a4 Bg7 11. a5 e5 12. Nc2 d5 13. Nb4 dxe4 14. Nxe4 O-O 15.
Nxf6+ Nxf6 16. Bg5 Be6 17. f4 Qc5+ 18. Qf2 Qxf2+ 19. Rxf2 Ng4 20. Re2 h6 21.
Be7 Rfe8 22. Bd6 exf4 23. Bxf4 Bf8 24. h3 Bc5+ 25. Kf1 g5 26. Bc7 Ne3+ 27. Ke1
f5 28. Kd2 f4 29. g3 Rac8 30. Bb6 Bxb6 31. axb6 Nc4+ 32. Kc2 Ne3+ 33. Kd2 Nc4+
34. Kc2 f3 35. Re4 Nd6 36. Rd4 Nf5 37. Bxf5 Bxf5+ 38. Kb3 Bxh3 39. Nd3 Re6 40.
Nf2 Rxb6+ 41. Ka3 Be6 42. Re1 Rc5 43. b4 Rxc3+ 44. Kb2 Rc8 45. Nd3 Bf5 46. Ne5
f2 47. Rf1 Re6 0-1

[Event "Tch-CRO 1stB Liga 2017"]
[Site "Mali Losinj"]
[Date "2017.10.06"]
[Round "9.54"]
[White "Bender, Ivan"]
[Black "Trbojevic, Mladen"]
[Result "1-0"]
[WhiteElo "2231"]
[BlackElo "2338"]
[PlyCount "151"]
[EventDate "2017.09.28"]
[EventType "team"]
[EventRounds "9"]
[EventCountry "CRO"]

1. e4 Nc6 2. d4 d6 3. h3 Nf6 4. Nc3 g6 5. Nf3 Bg7 6. g3 O-O 7. Bg2 e5 8. Be3
exd4 9. Nxd4 Re8 10. O-O Bd7 11. Nb3 a6 12. a4 Ne5 13. Nd2 Bc6 14. f4 Ned7 15.
Bf2 b5 16. Re1 Bh8 17. Nb3 Rb8 18. Nd4 Bb7 19. axb5 axb5 20. Ndxb5 Nxe4 21.
Nxe4 Bxe4 22. Rxe4 Rxe4 23. Bxe4 Rxb5 24. Ra8 Rb8 25. Rxb8 Qxb8 26. b3 Qb4 27.
Qd5 Nb6 28. Qd3 Bf6 29. Kg2 Kg7 30. Bf3 h5 31. Qe4 Qc3 32. Qc6 Qd2 33. Qe4 h4
34. Qe2 Qb4 35. Be1 Bc3 36. Bxc3+ Qxc3 37. gxh4 Qf6 38. Kg3 Nc8 39. Be4 Ne7 40.
h5 Qe6 41. hxg6 fxg6 42. Bd3 Nf5+ 43. Kf2 Qf6 44. Bxf5 Qxf5 45. Kg3 Qc5 46. Kh4
Kh6 47. Kg3 Qg1+ 48. Kf3 Qh1+ 49. Qg2 Qd1+ 50. Ke3 Qe1+ 51. Kd3 Qd1+ 52. Kc4
Qc1 53. Qf2 Kg7 54. f5 Qg5 55. Qd4+ Kf7 56. Qg4 Qxf5 57. Qxf5+ gxf5 58. Kd4 Kg6
59. Ke3 Kg5 60. b4 d5 61. b5 f4+ 62. Kf3 Kf5 63. h4 d4 64. h5 Kg5 65. h6 Kxh6
66. Kxf4 d3 67. cxd3 Kg6 68. Ke5 Kf7 69. Kd5 Ke7 70. Kc6 Kd8 71. b6 cxb6 72.
Kxb6 Kd7 73. Kc5 Ke6 74. d4 Ke7 75. Kc6 Kd8 76. Kd6 1-0

[Event "Tch-CRO 1stB Liga 2017"]
[Site "Mali Losinj"]
[Date "2017.10.06"]
[Round "9.55"]
[White "Vernacki, Srdjan"]
[Black "Brnas, Augustin"]
[Result "1-0"]
[WhiteElo "2324"]
[BlackElo "2203"]
[PlyCount "77"]
[EventDate "2017.09.28"]
[EventType "team"]
[EventRounds "9"]
[EventCountry "CRO"]

1. Nf3 Nf6 2. c4 g6 3. b4 Bg7 4. Bb2 O-O 5. e3 c6 6. Qc2 d5 7. Be2 Nbd7 8. O-O
dxc4 9. Qxc4 Nb6 10. Qc2 Bg4 11. h3 Bxf3 12. Bxf3 Qd6 13. a3 e5 14. Rd1 Rfe8
15. d3 Rad8 16. Nc3 Qe6 17. Rac1 a6 18. Nb1 Nfd5 19. Nd2 f5 20. Nb3 Nd7 21. Na5
Rb8 22. Ba1 Bf6 23. e4 N5b6 24. Re1 f4 25. Bd1 Kg7 26. Qe2 Nf8 27. Bb3 Qe7 28.
Ba2 Nbd7 29. Nc4 Ne6 30. Bc3 b6 31. Qb2 Nd8 32. d4 Nf7 33. f3 Rbc8 34. Red1 Rc7
35. Rd2 c5 36. bxc5 bxc5 37. d5 Nd6 38. Qc2 Rb8 39. Rdd1 1-0

[Event "Tch-CRO 1stB Liga 2017"]
[Site "Mali Losinj"]
[Date "2017.10.06"]
[Round "9.56"]
[White "Ivankovic, Ivo"]
[Black "Horvat, David"]
[Result "0-1"]
[WhiteElo "2129"]
[BlackElo "2211"]
[PlyCount "80"]
[EventDate "2017.09.28"]
[EventType "team"]
[EventRounds "9"]
[EventCountry "CRO"]

1. d4 Nf6 2. Nf3 g6 3. e3 Bg7 4. Be2 c5 5. O-O O-O 6. b3 cxd4 7. Nxd4 d5 8. Bb2
Re8 9. c4 e5 10. Nf3 Nc6 11. Nc3 d4 12. exd4 e4 13. Ne1 Nxd4 14. Nc2 Nxe2+ 15.
Qxe2 Nh5 16. Ne3 Nf4 17. Qc2 Nd3 18. Rad1 f5 19. Ba1 Bd7 20. Qb1 Qg5 21. Ned5
Bc6 22. b4 Bxc3 23. Bxc3 Bxd5 24. cxd5 Nf4 25. g3 Ne2+ 26. Kh1 Nxc3 27. Qc1
Qxc1 28. Rxc1 Nxd5 29. b5 Rac8 30. Rcd1 Red8 31. a4 Kf7 32. Rd4 Nb6 33. Rb4 Rc4
34. Rxc4 Nxc4 35. Rc1 Rd4 36. Kg2 Ke6 37. Kh3 Kd5 38. Kh4 e3+ 39. f4 e2 40. Re1
Rd2 0-1